Vyzerá to, akoby sa iba kúpali, no plávanie urýchľuje ich liečbu na fyziatricko-rehabilitačnom oddelení FN L.Pasteura využívajú jeden bazén na terapiu bábätiek

Bibliographic Details
Main Author: Božinovská, Andrea (Author)
Format: Article
Language:Slovak
PhysicalDescription:Obr.
ISSN:1336-5320
Subjects:
Online Access:www.korzar.sk

MARC

LEADER 00000nab a2200000 a 4500
001 vtls008962600
003 SK-MaSNL
005 20260303070727.0
008 070410 2007 xo r r 000 0 slo
038 |a KEVKJB 
040 |a KEVKJB  |b slo  |c KEVKJB  |e AACR2 
041 0 |a slo 
044 |a xo  |c SK 
080 |a 615.838  |2 2001 
100 1 |a Božinovská, Andrea  |4 aut  |9 873401 
245 1 0 |a Vyzerá to, akoby sa iba kúpali, no plávanie urýchľuje ich liečbu  |b na fyziatricko-rehabilitačnom oddelení FN L.Pasteura využívajú jeden bazén na terapiu bábätiek  |c Andrea Božinovská 
300 |b Obr. 
610 2 7 |a Fakultná nemocnica L. Pasteura (Košice, Slovensko)  |b Fyziatricko-rehabilitačné oddelenie  |2 kevkjb  |9 1068537 
650 0 7 |a hydroterapia  |2 kevkjb  |9 4387 
650 0 7 |a Vojtova metóda  |2 kevkjb  |9 25174 
651 7 |a Košice (Slovensko)  |2 kevkjb  |9 18694 
773 0 |t Košický večer  |g Roč. 18(39), č. 14 (4.4.2007), s. 10  |x 1336-5320 
852 |a KEVKJB  |b KIS3GCP 
856 4 1 |u www.korzar.sk 
958 |a MI 
999 |c 1756674  |d 1758604